Economic development (Record no. 2613)

000 -LEADER
fixed length control field 00554nam a22002177a 4500
001 - CONTROL NUMBER
control field 2613
003 - CONTROL NUMBER IDENTIFIER
control field BD-DhUET
008 - FIXED-LENGTH DATA ELEMENTS--GENERAL INFORMATION
fixed length control field 140928b xxu||||| |||| 00| 0 eng d
020 ## - INTERNATIONAL STANDARD BOOK NUMBER
International Standard Book Number 9788177584868
040 ## - CATALOGING SOURCE
Transcribing agency 0
Modifying agency BD-DhUET
082 ## - DEWEY DECIMAL CLASSIFICATION NUMBER
Classification number 338.9
Item number TOD/2003
100 ## - MAIN ENTRY--PERSONAL NAME
Personal name Todaro, Michael P.
245 ## - TITLE STATEMENT
Title Economic development
250 ## - EDITION STATEMENT
Edition statement 8th ed.
260 ## - PUBLICATION, DISTRIBUTION, ETC. (IMPRINT)
Place of publication, distribution, etc. New Delhi
Name of publisher, distributor, etc. Pearson Education
Date of publication, distribution, etc. 2003
300 ## - PHYSICAL DESCRIPTION
Extent 863 p.
Other physical details ill.
Dimensions 25 cm.
504 ## - BIBLIOGRAPHY, ETC. NOTE
Bibliography, etc Includes bibliographies
650 #0 - SUBJECT ADDED ENTRY--TOPICAL TERM
Topical term or geographic name as entry element Economic development
700 ## - ADDED ENTRY--PERSONAL NAME
Personal name Smith, Stephen C.
942 ## - ADDED ENTRY ELEMENTS (KOHA)
Koha item type General Book
Holdings
Koha item type Date acquired Source of classification or shelving scheme Lost status Piece designation (barcode) Damaged status Koha out on loan Koha renewals Copy number Location (home branch) Withdrawn status Sublocation or collection (holding branch) Price effective from Shelving location Koha issues (times borrowed) Not for loan Koha date last borrowed Koha date last seen Koha full call number Koha normalized classification for sorting
General Book2014-09-28  105033   1Central Library, BUET Central Library, BUET2014-09-28Circulation section3 2023-12-042024-06-12338.9/TOD/2003338_900000000000000_TOD_2003
General Book2014-09-28  101786   2Central Library, BUET Central Library, BUET2014-09-28Circulation section   2016-02-06338.9/TOD/2003338_000000000000000_9TOD2003
General Book2014-09-28  101787  13Central Library, BUET Central Library, BUET2014-09-28Circulation section   2016-02-08338.9/TOD/2003338_000000000000000_9TOD2003
General Book2014-09-28  101788 2017-06-28 4Central Library, BUET Central Library, BUET2014-09-28Circulation section1 2016-01-302016-01-30338.9/TOD/2003338_900000000000000_TOD_2003
General Book2014-09-28  101789   5Central Library, BUET Central Library, BUET2014-09-28Circulation section   2016-02-06338.9/TOD/2003338_000000000000000_9TOD2003
General Book2015-01-20  101790   6Central Library, BUET Central Library, BUET2015-01-20Circulation section   2015-01-20338.9/TOD/2003338_900000000000000_TOD_2003